| 000 | 00746nam a22002295a 4500 | ||
|---|---|---|---|
| 001 | 17290325 | ||
| 005 | 20170105102847.0 | ||
| 008 | 120508s2012 nyua 000 0 eng | ||
| 010 | _a 2012371619 | ||
| 020 | _a9781848859746 | ||
| 040 |
_aDLC _cDLC |
||
| 042 | _apcc | ||
| 082 | _a327.09045 | ||
| 100 | 1 | _aDimitrakis, Panagiotis. | |
| 245 | 1 | 0 |
_aFailed alliances of the Cold War : _bBritain's Strategy and ambitions in Asia and the Middle East / _cPanagiotis Dimitrakis. |
| 260 |
_aLondon ; New York : _bI.B. Tauris, _c2012. |
||
| 300 |
_a240 p. : _bill. ; _c23 cm. |
||
| 490 | 0 |
_aInternational Library of Twentieth Century History _v47 |
|
| 906 |
_a0 _bibc _corignew _d2 _encip _f20 _gy-gencatlg |
||
| 942 |
_2ddc _cBK |
||
| 999 |
_c14112 _d14112 |
||